| 000 | 00437 a2200169 4500 | ||
|---|---|---|---|
| 003 | Nust | ||
| 005 | 20221206094404.0 | ||
| 020 | _a9960861201 | ||
| 040 | _cNust | ||
| 082 | _a297.9,AHM | ||
| 100 |
_aAhmad,Abdul Basit _9104175 |
||
| 245 |
_aKhabbab bin Al-Arratt RA: The Teacher / _cAbdul basit ahmad |
||
| 260 |
_aLahore _bDarussalam _c2000 |
||
| 300 | _a48,p | ||
| 650 |
_aKhabbab bin Al-aratt _9104179 |
||
| 942 |
_2ddc _cBK _k297.9,AHM |
||
| 999 |
_c190601 _d190601 |
||